00839nam a2200205 a 4500001001000000003000900010005001700019008003000036040002400066082003300090100003600123245006500159260004000224300002000264500005300284600003000337650016100367650005600528651004900584000030311DO-SdBNP20221124111828.0110509s1977 dr 001 0 spa d aBPMSU bspacBPMSU  4a923.1097293 bS232G 19772221 aGoico Castro, Manuel de Jesús10aSantana y sus apologistas /cManuel de Jesús Goico Castro. aSanto Domingo :fCompostela,c1977. a67 p. ;c16 cm. aIncluye índice de personas, lugares y materias14aSantana, Pedrod1801-1864 42| Generales - República Dominicana - Biografías | República Dominicana - Historia - 1844-1930aEjército nacional xHistoria zRepública Dominicana 4aPresidenteszRepública Dominicana vBiografías  4aRepública Dominicana xHistoriay1844-1930